| 000 | 00375nam a2200145Ia 4500 | ||
|---|---|---|---|
| 008 | 240624s9999 xx 000 0 und d | ||
| 041 | _aeng | ||
| 082 | _a658.5 FER | ||
| 100 | _aFERNIE JOHN | ||
| 245 | _aLOGISTICS AND RETAIL MANAGEMENT EMERGING | ||
| 250 | _a(4th ed.) | ||
| 260 |
_c2014 _aLondon _bKogan Page |
||
| 300 | _axviii, : 262 : p. : cm. ; 23 | ||
| 365 |
_cGBP _b30 |
||
| 999 |
_c27406 _d27406 |
||